Tracy Beaker - Statistics

General Stats
  • This quiz has been taken 68 times
  • The average score is 8 of 10
Answer Stats
Question Answer % Correct
Who plays Tracy Beaker? Dani Harmer
98%
Who wrote the books about Tracy Beaker? Jaqueline Wilson
96%
Who is Tracy's enemy? Justine Littlewood
96%
Who is the famous footballer Tracy dates? Sean Godfrey
90%
Which one of the residents does Tracy meet when she is arrested? Liam
88%
Tracy imagines her mum doing all sorts of careers, but which one comes true in the film? Film star
87%
In the episode where Louise is fostered, what does she call Tracy when Tracy says to not forget her? Stacy Baxter
69%
Which 2 residents of the dumping ground are Tracy's best friends? Jackie and Crash
65%
In the TV series, why did Tracy's first foster parents take her back to the dumping ground? The foster parents are pregnant
65%
What is the name of the teenager Tracy adopts? Jordan
58%
No matching quizzes found
Score Distribution
Percent of People with Each Score
Percentile by Number Answered
Your Score History
You have not taken this quiz